[Event "45th Olympiad 2024"]
[Site "Budapest HUN"]
[Date "2024.09.14"]
[Round "4.50"]
[Board "4"]
[White "Domingos, Catarino"]
[Black "Volcimus, Ritchy David"]
[Result "1-0"]
[WhiteElo "2229"]
[BlackElo "1948"]
[PlyCount "59"]
[EventDate "2024.09.11"]
[WhiteTeam "Angola"]
[BlackTeam "Haiti"]
[WhiteTeamCountry "ANG"]
[BlackTeamCountry "HAI"]

1. Nf3 Nf6 2. g3 d5 3. Bg2 Bf5 4. O-O e6 5. c4 c6 6. b3 Be7 7. Bb2 O-O 8. d3 h6 9. Nbd2 a5 10. Re1 Qb6 ({RR} 10... Bh7 11. e4 dxe4 12. dxe4 Na6 13. Ne5 Nd7 14. Nxd7 Qxd7 15. Qg4 f6 16. Nf3 Nc5 17. Rad1 Qe8 18. Nd4 Qf7 19. Bh3 e5 20. Ne6 h5 21. Qe2 Nxe6 22. Rd7 Nc5 23. Rc7 {0-1 Bacrot,E (2718)-Wojtaszek,R (2744) Beijing Sportaccord Basque 2014 (3)}) ({RR} 10... Bh7 11. Qc2 a4 12. Bc3 Nbd7 13. b4 dxc4 14. Nxc4 Nd5 15. Rab1 Nxc3 16. Qxc3 Nb6 17. e4 Bf6 18. Qc2 Nxc4 19. Qxc4 a3 20. Rb3 Bb2 21. Nd2 b5 22. Qxc6 Qb8 23. e5 Ra7 24. Be4 Bxe4 25. Qxe4 {0-1 Berin,A (2327)-Pyrig,R (2154) 22nd Prague Open 2024 (7.4)}) 11. h3 $146 ({RR} 11. e4 Bh7 12. e5 Nfd7 13. d4 a4 14. c5 Qc7 15. b4 b6 16. a3 f6 17. exf6 Rxf6 18. Rc1 Qb7 19. Bh3 Nf8 20. Ne5 Nbd7 21. Nxd7 Qxd7 22. cxb6 Qb7 23. Nf3 Bg6 24. Ne5 Be8 25. Nd3 Qxb6 {1-0 Nigalidze,G (2536)-Mchedlishvili,M (2625) Al Ain op 3rd 2014 (9)}) ({RR} 11. cxd5 exd5 12. e4 Bg4 13. h3 Bxf3 14. Nxf3 a4 15. Rc1 axb3 16. axb3 Ra2 17. Bd4 c5 18. Ra1 Rxa1 19. Bxa1 d4 20. Nd2 Nc6 21. e5 Ne8 22. Bb2 Nc7 23. Bc1 Nb5 24. Ne4 Qa6 25. Qg4 Nb4 {1-0 Bondarets,V (2292)-Madsen,M (2036) Lvov Tradition IM-A 04 2016 (5)}) 11... Rd8 12. cxd5 cxd5 13. Bd4 Qa6 14. Ne5 Nbd7 15. Qc2 Bd6 16. Ndf3 Rdc8 17. Qb2 Nxe5 18. Nxe5 Rc7 19. Rac1 Rac8 20. Rxc7 Rxc7 21. e4 Bh7 22. exd5 Nxd5 23. Ng4 Bf8 24. Bxd5 exd5 25. Bxg7 f6 26. Bxf8 Kxf8 27. Nxf6 Qxd3 28. Qe5 Qc3 29. Qe8+ Kg7 30. Nh5# 1-0

[Event "45th Olympiad 2024"]
[Site "Budapest HUN"]
[Date "2024.09.14"]
[Round "4.51"]
[Board "2"]
[White "Lynch, Kemp"]
[Black "Kawuma, Patrick"]
[Result "0-1"]
[WhiteElo "1944"]
[BlackElo "2207"]
[PlyCount "60"]
[EventDate "2024.09.11"]
[WhiteTeam "Barbados"]
[BlackTeam "Uganda"]
[WhiteTeamCountry "BAR"]
[BlackTeamCountry "UGA"]

1. d4 Nf6 2. c4 e6 3. g3 c5 4. Nf3 cxd4 5. Nxd4 Nc6 6. Nc3 Bc5 7. Nxc6 bxc6 8. Bg2 O-O 9. O-O d5 10. Qc2 Ba6 11. Bg5 ({RR} 11. b3 Be7 12. Rd1 Qc8 13. Bb2 dxc4 14. bxc4 Rb8 15. Ne4 Nxe4 16. Bxe4 f5 17. Bf3 Rxb2 18. Qxb2 Bf6 19. Qb3 Bxa1 20. Rxa1 e5 21. c5+ Kh8 22. e4 f4 23. Rd1 h6 24. Kg2 Qe8 25. Rd6 Bc8 {½-½ Berkes,F (2678)-Ivanisevic,I (2574) SRB-chT Valjevo 2018 (11.2)}) ({RR} 11. cxd5 cxd5 12. Bg5 Rc8 13. Qa4 Qb6 14. Bxf6 gxf6 15. Qg4+ Kh8 16. Na4 Qb4 17. Bf3 Qxg4 18. Bxg4 Bb4 19. a3 Bd2 20. Rfd1 Bh6 21. b4 Rc2 22. e3 f5 23. Bh5 Bc4 24. Nc5 Bg7 25. Rab1 Kg8 {0-1 Malakar,S (1964)-Marin,S (2036) Canadian Open Zonal 2024 (7.29)}) 11... Rc8 $146 ({RR} 11... Bxc4 12. Bxf6 gxf6 13. Rfd1 Qe7 14. e4 Bb4 15. b3 Ba6 16. exd5 cxd5 17. Rxd5 exd5 18. Nxd5 Qe5 19. Rd1 Rac8 20. Qb1 Bc5 21. Re1 Qd4 22. Qf5 Qxf2+ 23. Qxf2 Bxf2+ 24. Kxf2 Rc2+ 25. Kg1 Rxg2+ 26. Kxg2 {0-1 Carruez Berges,F (2200)-Melendez Fierro,J (2330) Zaragoza 1993 (4)}) 12. Rad1 Bxc4 13. Qa4 h6 14. Bxf6 Qxf6 15. b3 Qxc3 16. bxc4 Qe5 17. e3 g6 18. Rc1 h5 19. Rc2 Qd6 20. Rfc1 d4 21. exd4 Bxd4 22. c5 Qd7 23. Qa6 e5 24. Rc4 h4 25. gxh4 Qg4 26. Kh1 Qxh4 27. Bxc6 Qxf2 28. R4c2 Qe3 29. Bd5 Kg7 30. Rf1 e4 0-1

[Event "45th Olympiad 2024"]
[Site "Budapest HUN"]
[Date "2024.09.14"]
[Round "4.51"]
[Board "3"]
[White "Nsubuga, Haruna"]
[Black "Edwards, Emar"]
[Result "1-0"]
[WhiteElo "2243"]
[BlackElo "1898"]
[PlyCount "91"]
[EventDate "2024.09.11"]
[WhiteTeam "Uganda"]
[BlackTeam "Barbados"]
[WhiteTeamCountry "UGA"]
[BlackTeamCountry "BAR"]

1. c4 e5 2. Nc3 Nf6 3. Nf3 Nc6 4. d4 exd4 5. Nxd4 Bb4 6. Nxc6 ({RR} 6. e3 Ne4 7. Qc2 Nxc3 8. bxc3 Bc5 9. Be2 O-O 10. O-O b6 11. Rd1 Bb7 12. Qf5 Qe7 13. Nf3 d6 14. e4 Qe6 15. Qh5 Ne5 16. Nd4 Qg6 17. Qxg6 hxg6 18. f3 Ba6 19. Kf1 Bxc4 20. Bf4 Rfe8 {½-½ Skatchkov,P (2432)-Turov,M (2526) RUS-Cup Minsk 2000 (7)}) 6... dxc6 7. Qb3 $146 ({RR} 7. Qxd8+ Kxd8 8. Bd2 Be6 9. e3 Kc8 10. a3 Be7 11. Be2 Rd8 12. Rd1 b6 13. O-O a5 14. Bc1 Kb7 15. b3 Bf5 16. Rxd8 Rxd8 17. Rd1 Bc2 18. Rxd8 Bxd8 19. Bd1 Bxd1 20. Nxd1 c5 21. Bb2 g6 {1-0 Wolff,H (1484)-Link,W (1351) Dortmund2 2003 (12)}) ({RR} 7. Qxd8+ Kxd8 8. Bd2 Ke7 9. a3 Bxc3 10. Bxc3 Be6 11. e3 Rad8 12. Be2 Rd7 13. O-O Rhd8 14. h3 g6 15. f3 Nh5 16. Kh2 Nf6 17. b3 b6 18. g4 g5 19. Rad1 Rxd1 20. Rxd1 Rxd1 21. Bxd1 b5 {½-½ Lasschuit,R (1713)-Vedant,K (1409) Bronshoj Lang Weekend 2018 (4)}) ({RR} 7. Bg5 Qe7 8. Qd4 Bc5 9. Qh4 Rb8 10. Bxf6 gxf6 11. Rb1 Qe5 12. Qe4 O-O 13. Qxe5 fxe5 14. a3 a5 15. e3 b6 16. Kd2 Ba6 17. Bd3 Rfd8 {½-½ Ferdiansah,F-Baratosi,D (2079) Wch U12 Oropesa del Mar 2000 (8)}) 7... Bd6 8. Bg5 O-O 9. Ne4 Be7 10. Rd1 Nd7 11. Bf4 f5 12. Ng3 Bg5 13. Be5 Qe8 14. h4 Bh6 15. c5+ Kh8 16. Rxd7 Bxd7 17. f4 Qe6 18. Qxb7 Qc4 19. Qxc7 Rad8 20. e3 Qxc5 21. Kf2 Be6 22. b4 Rd2+ 23. Be2 Qxb4 24. Qxc6 Qc4 25. Qxc4 Bxc4 26. Ke1 Rfd8 27. Bxc4 Rxg2 28. Nxf5 Rc8 29. Nd6 Rxc4 30. Nxc4 Rc2 31. Nb2 Kg8 32. Kd1 Rg2 33. a4 Kf7 34. a5 a6 35. h5 Ke6 36. Nd3 Kd5 37. Kc1 Kc4 38. Nb2+ Kb4 39. Bc7 Kb3 40. Be5 Kb4 41. Rd1 Kxa5 42. Rd6 Kb5 43. Bd4 g6 44. Rb6+ Ka5 45. Rb3 gxh5 46. Bb6# 1-0

[Event "45th Olympiad 2024"]
[Site "Budapest HUN"]
[Date "2024.09.14"]
[Round "4.51"]
[Board "4"]
[White "Depradine, Lawrence"]
[Black "Nyola Wasswa Mark"]
[Result "0-1"]
[WhiteElo "1782"]
[BlackElo "2070"]
[PlyCount "58"]
[EventDate "2024.09.11"]
[WhiteTeam "Barbados"]
[BlackTeam "Uganda"]
[WhiteTeamCountry "BAR"]
[BlackTeamCountry "UGA"]

1. c4 {Chuchelov,Vladimir} e5 2. Nc3 Nf6 3. Nf3 Nc6 4. g3 Bb4 5. Nd5 a5 ({RR} 5... Bc5) 6. Bg2 O-O 7. O-O Re8 8. d3 ({RR} 8. a3 Bf8 9. d4 exd4 10. Nxd4 Ne5 11. Bg5 Be7 12. Nf5 Nxd5 13. Bxd5 Bxg5 14. f4 d6 15. fxg5 Qxg5 16. e4 Bxf5 17. Rxf5 Qe3+ 18. Kg2 c6 19. Bxf7+ Nxf7 20. Rf4 Rxe4 21. Qg4 Rxf4 22. gxf4 Qe4+ {0-1 Yevchenko,A (2276)-Chirilov,J (2082) Titled Tue 2nd Apr Late 2024 (5)}) 8... h6 ({RR} 8... Nxd5 9. cxd5 Nd4 10. Nxd4 exd4 11. e4 c6 12. Bf4 cxd5 13. a3 Bc5 14. b4 Bf8 15. exd5 d6 16. bxa5 Qxa5 17. Bd2 Qa6 18. Qf3 g6 19. Bb4 Bf5 20. Rad1 Re5 21. g4 Bd7 22. Qf4 h5 23. h3 {½-½ Carlsen,M (2845)-Naiditsch,A (2695) Grenke Chess Classic 6th 2019 (5)}) ({RR} 8... Nxd5 9. cxd5 Nd4 10. Ne1 d6 11. e3 Nf5 12. Nc2 Bc5 13. d4 exd4 14. e4 Ne7 15. Nxd4) 9. Bd2 $146 ({RR} 9. Nxb4 axb4 10. e4 d6 11. h3 Ne7 12. Nh4 c5 13. f4 exf4 14. gxf4 Nc6 15. Nf3 Rb8 16. b3 b5 17. Bb2 bxc4 18. bxc4 Bd7 19. Rf2 Nh5 20. f5 Nf6 21. Kh1 Ne5 22. Nxe5 dxe5 23. Qf3 Bc6 {½-½ Zueger,B (2455)-Vulevic,V (2315) SUI-chT Switzerland 1997}) ({RR} 9. b3 Bc5 10. Bb2 d6 11. e3 Bg4 12. h3 Bf5 ({RR} 12... Bh5 13. a3 Ba7 14. Nc3) 13. a3 Ba7 14. Nc3 ({RR} 14. Kh2 Nxd5 15. cxd5 Ne7 16. e4 Bh7) 14... Bh7 15. Kh2 Nd7 ({RR} 15... e4 16. dxe4 Nxe4 17. Nd5 Ne7 18. Nd2) 16. Ne1 Nc5 17. Nd5 e4 ({RR} 17... Qd7) 18. dxe4 Nxe4 19. f3 Nc5 20. b4 Nd7 21. f4 Be4 ({RR} 21... Bxe3 22. b5 Na7 23. Nxe3 Rxe3 24. Qd4) ({RR} 21... f6 22. b5 Ncb8 23. Nxf6+ Nxf6 24. Bxf6 Qxf6 25. Bxb7 Nd7 26. Bxa8 Rxa8 27. Qd5+) 22. Qg4 f6 23. b5 Ncb8 {1-0 Chuchelov,V (2540)-Raetsky,A (2440) Sportland NRW-Cup 1998 (6)} ({RR} 23... Bxg2 24. Nxg2 Ncb8 25. Nh4)) 9... Bxd2 10. Qxd2 d6 11. Rfc1 e4 12. Ne1 Bf5 13. Nc2 exd3 14. Nce3 Ne4 15. Qxd3 Bg6 16. Nf4 Nxf2 17. Qb3 Ne4 18. Qxb7 Nb4 19. Nxg6 Rb8 20. Qa7 Nc6 21. Qa6 Rb6 22. Qxb6 cxb6 23. Nf4 Nf6 24. Nf5 Ne7 25. Nd4 d5 26. c5 bxc5 27. Nb3 c4 28. Nd4 Qb6 29. Rd1 Nf5 0-1

[Event "45th Olympiad 2024"]
[Site "Budapest HUN"]
[Date "2024.09.14"]
[Round "4.52"]
[Board "1"]
[White "Alrehaili, Ahmed Abdullah S"]
[Black "Dominguez, Jose Manuel"]
[Result "1-0"]
[WhiteElo "2117"]
[BlackElo "2195"]
[PlyCount "62"]
[EventDate "2024.09.11"]
[WhiteTeam "Saudi Arabia"]
[BlackTeam "Dominican Republic"]
[WhiteTeamCountry "SAU"]
[BlackTeamCountry "DOM"]

1. e4 d6 2. d4 Nf6 3. Nc3 c6 4. f4 Qa5 5. Bd3 e5 6. Nf3 Bg4 7. Be3 Nbd7 ({RR} 7... Qb6 8. fxe5 dxe5 9. Qd2 exd4 10. Bxd4 Qd8 11. O-O-O Bxf3 12. Bxf6 Qxf6 13. gxf3 Bb4 14. e5 Qh4 15. Rhg1 g6 16. f4 Bxc3 17. Qxc3 Qxf4+ 18. Kb1 Rf8 19. e6 fxe6 20. Qb3 Ke7 21. Qxb7+ Nd7 22. Bb5 {1-0 Karjakin,S (2725)-Ivanov,A (2481) RUS-chT 17th 2010 (5)}) 8. h3 exf4 ({RR} 8... Bxf3 9. Qxf3 Qb4 10. dxe5 dxe5 11. O-O-O Bc5 12. Bxc5 Qxc5 13. f5 O-O-O 14. g4 g5 15. fxg6 hxg6 16. Rd2 Rh4 17. Rhd1 Qe7 18. Rf2 Rh7 19. Bf1 Ne8 20. Kb1 Nc7 21. Qe3 Qc5 22. Qg3 Ne6 23. Rfd2 {0-1 Borovsky,I (1729)-Krizek,K (1954) TCh-CZE 1 Liga Zapad 2023 (8.8)}) 9. Bxf4 Bh5 10. Qe2 $146 ({RR} 10. O-O Be7 11. Qe1 O-O 12. e5 dxe5 13. Nxe5 Rae8 14. Nc4 Qd8 15. Qf2 Nb6 16. Ne5 Nbd5 17. Bg5 Nxc3 18. bxc3 Nd5 19. Bxe7 Rxe7 20. g4 Bg6 21. Bxg6 fxg6 22. Qxf8+ Qxf8 23. Rxf8+ Kxf8 24. Rf1+ Ke8 {0-1 Mueller,A (1980)-Sparwel,O (1978) Muensterland Verbandsklasse-B 1213 2012 (8.1)}) ({RR} 10. O-O Be7 11. Qd2 O-O 12. Nd5 Qd8 13. Nxe7+ Qxe7 14. Rae1 Bg6 15. Bg5 h6 16. Bh4 Qe6 17. e5 dxe5 18. Nxe5 Bxd3 19. Nxd7 Qxd7 20. Qxd3 Rfe8 21. Bxf6 Rxe1 22. Rxe1 gxf6 23. Qe4 Rd8 24. c3 Qd5 {1-0 Mirulla,D (1953)-Karelina,P (1835) Olympiad-44 Chennai 2022 (9.3)}) 10... O-O-O 11. Bd2 Re8 12. O-O Qb6 13. Qf2 d5 14. exd5 Bxf3 15. Na4 Qd8 16. Qxf3 Nxd5 17. c4 N5b6 18. Nc3 Nf6 19. Be3 Kb8 20. a4 Nc8 21. a5 a6 22. d5 c5 23. Na4 Qc7 24. b4 cxb4 25. Rfe1 Bd6 26. c5 Be5 27. d6 Qxa5 28. Nb2 Qd8 29. Bxa6 Qd7 30. Bxb7 Qxb7 31. c6 Bxb2 1-0

[Event "45th Olympiad 2024"]
[Site "Budapest HUN"]
[Date "2024.09.14"]
[Round "4.52"]
[Board "2"]
[White "Araujo Sanchez, Josue"]
[Black "Al Thebaiti, Ahmed M"]
[Result "1-0"]
[WhiteElo "2296"]
[BlackElo "1993"]
[PlyCount "125"]
[EventDate "2024.09.11"]
[WhiteTeam "Dominican Republic"]
[BlackTeam "Saudi Arabia"]
[WhiteTeamCountry "DOM"]
[BlackTeamCountry "SAU"]

1. e4 {Lorenzini,Martin} e5 2. Nf3 Nc6 3. Bc4 Bc5 4. O-O Nf6 5. d3 O-O 6. Re1 d6 7. c3 h6 8. Nbd2 a6 ({RR} 8... a5 9. Nf1 Bb6 10. Be3 Bxe3 11. Nxe3 Be6 12. Bb5 Ne7 13. Ba4 Ng6 14. Bc2 Re8 15. d4 c6 16. Qd2 Qc7 17. Nf5 Rad8 18. Rad1 Bxa2 19. b3 a4 20. bxa4 Bc4 21. Qc1 Ne7 22. Ne3 Be6 23. Qb2 {1-0 Vachier Lagrave,M (2789)-Caruana,F (2816) Paris GCT blitz 2018 (2)}) ({RR} 8... a5 9. h3 Be6 10. Bb5 Qb8 11. Nf1 ({RR} 11. Bxc6 bxc6 12. d4 exd4 13. cxd4 Bb4 14. a3 Bxd2 15. Nxd2 Re8 16. b3 d5 17. e5 Nd7 18. Qh5 c5 19. Re3 f5 20. exf6 Bf7 21. Qh4 Rxe3 22. fxe3 Qe8 23. Nf3 Nxf6 24. dxc5 Bg6 25. Bb2 Qxe3+) 11... Qa7 12. Be3 Bxe3 13. Nxe3 Ne7 14. a4 Ng6 15. Bc4 Bxc4 16. Nxc4 Qa6 17. g3 Rfe8) 9. b4 $146 ({RR} 9. a4 a5 10. h3 Be6 11. b3 Re8 12. Bb5 Bd7 13. Bb2 Ne7 14. Bxd7 Qxd7 15. d4 exd4 16. cxd4 Bb4 17. d5 Nh5 18. Re3 Nf4 19. Nf1 Bc5 20. Bd4 Neg6 21. Ng3 Kh7 22. Bxc5 dxc5 23. Qc2 Ra6 {0-1 Petrov,M (2520)-Nikolov,S (2328) Plovdiv Tringov Memorial 42nd 2020 (8)}) ({RR} 9. Nf1 Ba7 10. h3 Na5 11. Bb3 Nxb3 12. axb3 Re8 13. Ng3 Be6 14. d4 exd4 15. Nxd4 Nd7 16. Be3 Qf6 17. f4 Nf8 18. Qf3 Bd7 19. Nh5 Qd8 20. f5 c5 21. Qg3 g6 22. Nf3 Kh7 23. Qf4 g5 {1-0 Niemann,H (2688)-Grigorjev,I (2433) Titled Tue 11th Jun Early 2024 (4)}) ({RR} 9. Nf1 Ba7 10. a4 Ne7 ({RR} 10... Be6 11. Bxe6 fxe6 12. Be3 Bxe3 13. Rxe3 a5 14. Ng3 Qe8 15. Qb3 Ra6 16. Rae1 Rb6 17. Qc2 Ne7 18. Nd2 Ng6 19. f3 Ra6 20. Qb3 Rb6 21. Qc2 Ra6 22. Qb3 b6 23. d4 Ra8 24. Nc4 Nd7 25. Na3) ({RR} 10... Re8 11. Qb3 ({RR} 11. b4 Be6 12. Bxe6 Rxe6 13. Be3 Qd7 14. b5 Ne7 15. bxa6 bxa6 16. Bxa7 Rxa7 17. Qb3 c6 18. Rab1 Ng6 19. g3 a5 20. Ne3 Re8 21. Nc4 Kh7 22. Qc2 Qe6 23. Ne3 d5 24. Kg2 Kg8 25. h4 Rd7) 11... Qe7 12. a5 Rb8 13. Be3 Be6 14. Bxe6 Qxe6 15. Qxe6 Rxe6 16. Bxa7 Nxa7 17. Ne3 Rd8 18. b4 d5) 11. Ng3 Ng6 12. d4 ({RR} 12. h3 c6 13. Bb3 ({RR} 13. Ba2 Be6 ({RR} 13... d5) 14. Bxe6 fxe6) 13... d5 14. exd5 Nxd5 15. d4 exd4 16. Nxd4 Re8 ({RR} 16... Bd7 17. Bxd5 cxd5 18. Be3 f5 19. f4 ({RR} 19. Ne6 Bxe6 20. Bxa7 Re8 21. Bd4) 19... Kh7 20. Qf3 Qh4 ({RR} 20... Qc7) 21. Nge2 Rae8 22. Bf2 Qf6 23. Qxd5 Bc6 24. Nxc6 Bxf2+ 25. Kxf2 bxc6 26. Qd4 Qh4+ 27. Kg1 Re4) 17. Rxe8+ Qxe8 18. Bxd5 cxd5 19. Be3 Bb8 20. Qd2 Bxg3 ({RR} 20... Bd7) 21. fxg3 Qe5 ({RR} 21... Bd7) 22. Bf2 Bd7 23. Nb3 Qg5 24. Qxg5 hxg5 25. Nc5 Bc6 26. b4 Ne5) 12... c6 13. Bd3 ({RR} 13. h3 d5 14. Bb3 ({RR} 14. Bd3 dxe4 15. Nxe4 Nxe4 16. Bxe4 f5 17. Bd3 e4 18. Bc4+ Kh8 19. Ne5 Nxe5 20. dxe5 Qe8) 14... Nxe4 15. Nxe4 dxe4 16. Nxe5 Nxe5 17. dxe5 Qxd1 18. Rxd1 Bf5) 13... Bg4 14. Be2 Re8 15. h3 Bxf3 16. Bxf3 d5 17. exd5 Nxd5 18. dxe5 Nxe5 ({RR} 18... Qb6) 19. Bxd5 Qxd5 20. Qxd5 cxd5 21. Rd1 Rad8 22. Nf5 Nc6 23. Kf1 d4 {1-0 Grischuk,A (2764)-Wen,Y (2586) CHN-chT China 2019 (17.1)}) 9... Ba7 10. a4 a5 11. b5 Ne7 12. Nf1 Ng6 13. Ng3 Re8 14. Qb3 Be6 15. Bxe6 Rxe6 16. Bd2 d5 17. exd5 Qxd5 18. Qxd5 Nxd5 19. d4 exd4 20. Rxe6 fxe6 21. cxd4 Bb6 22. Ne4 Kf7 23. Rc1 Ke7 24. g3 Nf6 25. Nc5 Bxc5 26. Rxc5 Nd5 27. Kf1 Kd7 28. Rc2 Nb6 29. Ra2 Kd6 30. Ke2 Kd5 31. h4 h5 32. Rc2 Kd6 33. Ra2 Kd5 34. Be1 Ne7 35. Kd3 Nf5 36. Bd2 Ne7 37. Bf4 c6 38. Nd2 cxb5 39. axb5 a4 40. Ne4 e5 41. Bxe5 g6 42. Bc7 Nec8 43. Re2 Ke6 44. Bf4 Kf5 45. f3 a3 46. Nc3 Kf6 47. Ra2 Ne7 48. Bc1 Nf5 49. Ne4+ Kg7 50. Rxa3 Rc8 51. Ra7 Rxc1 52. Rxb7+ Kf8 53. Rxb6 Rd1+ 54. Ke2 Rb1 55. Rb8+ Ke7 56. Kd3 Rd1+ 57. Nd2 Nxg3 58. b6 Kd7 59. Kc2 Re1 60. Nc4 Re6 61. d5 Rf6 62. Rg8 Rf4 63. Rg7+ 1-0

[Event "45th Olympiad 2024"]
[Site "Budapest HUN"]
[Date "2024.09.14"]
[Round "4.52"]
[Board "3"]
[White "Alshnaiber, Yazeed"]
[Black "Camacho Campusano, David Daniel"]
[Result "0-1"]
[WhiteElo "1889"]
[BlackElo "2219"]
[PlyCount "86"]
[EventDate "2024.09.11"]
[WhiteTeam "Saudi Arabia"]
[BlackTeam "Dominican Republic"]
[WhiteTeamCountry "SAU"]
[BlackTeamCountry "DOM"]

1. e4 e5 2. Nf3 Nc6 3. Bc4 Nf6 4. d3 Bc5 5. O-O d6 6. c3 a6 7. Bb3 Ba7 8. Nbd2 O-O 9. h3 Ne7 10. Re1 Ng6 11. Nf1 h6 12. Ng3 Nh7 ({RR} 12... Be6 13. d4 Qc8 14. Be3 Rd8 15. Qc2 c5 16. Bxe6 Qxe6 17. d5 Qd7 18. c4 b5 19. b3 Rdb8 20. Nf5 Kf8 21. Nh2 Bb6 22. Bd2 Bd8 23. Ng4 bxc4 24. bxc4 Ne8 25. Rab1 h5 26. Nh2 Nf4 27. Ng3 {1-0 Leko,P (2713)-Piket,J (2659) Amber-blindfold 11th rapid 2002 (8)}) 13. d4 Qf6 14. Nh2 $146 ({RR} 14. Be3 Ng5 15. Nh2 Ne6 16. Ng4 Qd8 17. Nf5 Nef4 18. Bxf4 exf4 19. Nh2 Qf6 20. Bc2 Qg5 21. Nf3 Qh5 22. Qd3 Re8 23. a4 Nf8 24. N5h4 g5 25. Nf5 Qg6 26. Qc4 c6 27. Qd3 Nh7 28. a5 Bb8 {½-½ Sachdev,T (2243)-Nadig,K (2110) IND-ch (Women) 29th 2003 (11)}) ({RR} 14. Nh5 Qe7 15. Be3 Nf6 16. Ng3 Nh7 17. Nh2 Be6 18. Nf5 Qd7 19. Qh5 Nf6 20. Qf3 Bxf5 21. Qxf5 Qxf5 22. exf5 Nh4 23. dxe5 Bxe3 24. Rxe3 dxe5 25. Rxe5 Rfe8 26. Rae1 Nxf5 27. Ng4 Nd6 28. Nxf6+ gxf6 {1-0 Putnam,L (2323)-Gil Alba,H (2294) Titled Tue 27th Feb Early 2024 (1)}) ({RR} 14. Be3 Ng5 15. Nxg5 hxg5 16. Nh5 Qe7 17. Qf3 Nf4 18. Rad1 g6 19. Nxf4 gxf4 20. Bc1 Kg7 21. Bc2 Rh8 22. b4 g5 23. dxe5 dxe5 24. c4 g4 25. Qc3 Qg5 26. c5 gxh3 27. g3 f6 28. Kh2 fxg3+ {1-0 Michael,O (1995)-Tin,R (1685) Penang op 6th 2014 (2)}) 14... exd4 15. Nf5 Bxf5 16. exf5 Qxf5 17. cxd4 Rae8 18. Rxe8 Rxe8 19. Be3 Nf6 20. Ng4 Nxg4 21. hxg4 Qf6 22. g3 c6 23. g5 hxg5 24. Qh5 Nf8 25. Bxg5 Qg6 26. Qxg6 Nxg6 27. Be3 d5 28. Bc2 Nf8 29. Kg2 Ne6 30. Rd1 g6 31. g4 Kg7 32. b4 Bb8 33. a4 b5 34. axb5 axb5 35. Bd3 Rc8 36. Rc1 Rc7 37. Kf3 g5 38. Ke2 Ba7 39. Bf5 Bxd4 40. Bxe6 Bxe3 41. Kxe3 Re7 42. Kd4 Rxe6 43. Kc5 Re4 0-1

[Event "45th Olympiad 2024"]
[Site "Budapest HUN"]
[Date "2024.09.14"]
[Round "4.52"]
[Board "4"]
[White "Mendez Ramirez, Victor"]
[Black "Khayat, Emad"]
[Result "1-0"]
[WhiteElo "2191"]
[BlackElo "1907"]
[PlyCount "71"]
[EventDate "2024.09.11"]
[WhiteTeam "Dominican Republic"]
[BlackTeam "Saudi Arabia"]
[WhiteTeamCountry "DOM"]
[BlackTeamCountry "SAU"]

1. c4 e5 2. g3 Nf6 3. Bg2 d5 4. cxd5 Nxd5 5. Nc3 Nb6 6. Nf3 Nc6 7. O-O Be7 8. b3 O-O 9. Bb2 Bg4 10. Rc1 f6 11. h3 Be6 12. d4 exd4 13. Nb5 d3 $146 ({RR} 13... Bd5 14. Nbxd4 a5 15. Nxc6 Bxc6 16. a3 Qd6 17. Qc2 f5 18. Rfd1 Qh6 19. e3 Bd6 20. Rd4 Be4 21. Qe2 Nd5 22. Nd2 Bxg2 23. Kxg2 c6 24. Nf3 Rae8 25. Qc4 Kh8 26. Rh4 Qg6 27. Re1 Nxe3+ 28. Rxe3 {0-1 Schieder,J (2017)-Horvath,R (2062) Steyr Landesliga 1314 2013 (2.6)}) 14. Nfd4 Nxd4 15. Nxd4 Bd5 16. e4 Bf7 17. Qg4 h5 18. Qf3 c5 19. Nf5 c4 20. Rfd1 Re8 21. Bf1 Rc8 22. Ne3 Bc5 23. Nf5 Qd7 24. Nxg7 Kxg7 25. Qxf6+ Kf8 26. Qh6+ Ke7 27. Qf6+ Kf8 28. Qh6+ Ke7 29. Qg5+ Kd6 30. Bxd3 cxd3 31. Rxd3+ Nd5 32. Rxd5+ Bxd5 33. Qxd5+ Ke7 34. Bf6+ Kxf6 35. Qxd7 b6 36. b4 1-0

[Event "45th Olympiad 2024"]
[Site "Budapest HUN"]
[Date "2024.09.14"]
[Round "4.53"]
[Board "1"]
[White "Johnson, Joshua"]
[Black "Kanegeni, Matthew Kamau"]
[Result "1-0"]
[WhiteElo "2267"]
[BlackElo "1976"]
[PlyCount "61"]
[EventDate "2024.09.11"]
[WhiteTeam "Trinidad & Tobago"]
[BlackTeam "Kenya"]
[BlackTeamCountry "KEN"]

1. e4 e5 2. Nf3 Nc6 3. Bc4 Nf6 4. d3 Bc5 5. O-O d6 6. c3 a6 7. a4 Ba7 8. Re1 O-O 9. Nbd2 Re8 10. h3 h6 11. b4 Be6 12. Bxe6 Rxe6 13. Bb2 Qd7 ({RR} 13... Ne7 14. c4 a5 15. bxa5 Nc6 16. Bc3 Nd7 17. Rb1 Nc5 18. Nf1 Rg6 19. Ne3 Ne6 20. Nd5 Rb8 21. Rb2 Ng5 22. Nxg5 Qxg5 23. Qf3 Bd4 24. Reb1 Bxc3 25. Nxc3 Nxa5 26. Nd5 Nc6 27. Ne3 b6 28. Nf5 {0-1 Ding,L (2791)-Carlsen,M (2863) Carlsen Tour Final rapid 2020 (1.22)}) 14. Nf1 Nh5 $146 ({RR} 14... Rae8 15. b5 Ne7 16. c4 Ng6 17. Ng3 c6 18. d4 exd4 19. Bxd4 Bb8 20. bxa6 bxa6 21. Qc2 d5 22. Bxf6 Rxf6 23. Nh5 Rfe6 24. exd5 Rxe1+ 25. Rxe1 Rxe1+ 26. Nxe1 cxd5 27. cxd5 Qxd5 28. Qc8+ Nf8 29. Qxb8 {0-1 Tabatabaei,M (2629)-Gozzoli,Y (2600) Chess24 Banter Blitz Cup Qual-G 2020 (1.5)}) ({RR} 14... Rd8 15. Ng3 d5 16. b5 Ne7 17. exd5 Qxd5 18. c4 Qxd3 19. Bxe5 Ne8 20. Qxd3 Rxd3 21. Rad1 Rxd1 22. Rxd1 axb5 23. cxb5 f6 24. Rd8 Kf7 25. Bc3 Nd6 26. Ba5 Bb6 27. Bxb6 cxb6 28. Nd4 Re1+ 29. Kh2 {1-0 Zemlyanskii,I (2543)-Ma Qun (2638) Eastern Economic Forum 2024 (4.1)}) 15. d4 Nf4 16. Bc1 Rg6 17. Bxf4 exf4 18. Nh4 Rf6 19. Nh2 d5 20. Qg4 Qxg4 21. Nxg4 Rd6 22. Nf5 Rdd8 23. b5 g6 24. Nfxh6+ Kg7 25. bxc6 bxc6 26. Ne5 Kxh6 27. Nxf7+ Kg7 28. Nxd8 Rxd8 29. exd5 Rxd5 30. Re7+ Kf6 31. Rxc7 1-0

[Event "45th Olympiad 2024"]
[Site "Budapest HUN"]
[Date "2024.09.14"]
[Round "4.53"]
[Board "2"]
[White "Oluka Robert Mcligeyo"]
[Black "Cabralis, Quinn"]
[Result "0-1"]
[WhiteElo "1990"]
[BlackElo "2169"]
[PlyCount "102"]
[EventDate "2024.09.11"]
[WhiteTeam "Kenya"]
[BlackTeam "Trinidad & Tobago"]
[WhiteTeamCountry "KEN"]

1. e4 c5 2. Nf3 Nc6 3. Bc4 e6 4. O-O d6 5. d4 cxd4 6. Nxd4 Nf6 7. Nc3 Be7 8. Be3 a6 9. a4 O-O 10. Nb3 b6 11. Be2 Bb7 12. f4 Nb4 13. Bd3 $146 ({RR} 13. Bf3 Rc8 14. a5 bxa5 15. Nxa5 Ba8 16. f5 exf5 17. exf5 d5 18. Nb3 Ne4 19. Bd4 Bf6 20. Ra4 Bxd4+ 21. Nxd4 Qb6 22. Kh1 Rxc3 23. bxc3 Nxc3 24. Rxb4 Qxb4 25. Qd2 Qc4 26. Re1 Ne4 27. Bxe4 dxe4 {0-1 Khalakhan,J (2268)-Drnovsek,G (2423) Schilcherland op 2nd 2018 (9)}) 13... Nxd3 14. cxd3 e5 15. Qe2 Re8 16. h3 Rb8 17. Qf2 Ba8 18. Ne2 b5 19. a5 Qd7 20. Ng3 Bf8 21. Nd2 exf4 22. Bxf4 Re6 23. Nf3 Ne8 24. Ng5 Rg6 25. Qe2 Nf6 26. Nf5 Re8 27. Nh4 Rh6 28. Qf2 Nh5 29. Bh2 Nf6 30. Nf5 Rg6 31. Bf4 h6 32. Nf3 Bxe4 33. dxe4 Nxe4 34. Qc2 Rf6 35. N3d4 Qa7 36. Be3 g6 37. Nh4 Rxf1+ 38. Rxf1 Ng3 39. Qf2 Nxf1 40. Kxf1 Qe7 41. Nc2 Bg7 42. Nf3 Bxb2 43. Bxh6 Qe4 44. Qd2 Rc8 45. Nce1 Bc1 46. Qxd6 Bxh6 47. Qxa6 Qc4+ 48. Kg1 Qc6 49. Qxc6 Rxc6 50. Kf1 Ra6 51. Ng1 Rxa5 0-1